| 000 | 00913cam a2200229 4500 | ||
|---|---|---|---|
| 001 | WB3907-03 | ||
| 008 | 030220n2003 000 0 eng u | ||
| 035 | _a(Sirsi) u121402 | ||
| 245 | _aNew steel frame system for skyscrapers | ||
| 260 | _c2003 | ||
| 490 |
_aNew Civil Engineer _v20 February 2003, 10(1) |
||
| 520 | _aEngineering consultants Babtie Group have developed a braced steel frame system for skyscrapers to withstand trauma similar to that experienced in the World Trade Center terror attacks. The system can be used for tall buildings of up to 50 storeys and provides high lateral stability. Babtie Group at www.babtie.com | ||
| 590 | _aWB | ||
| 650 | _aSTEEL FRAMES | ||
| 650 | _aTERRORISM | ||
| 650 | _aBUILT ENVIRONMENT-CONSTRUCTION DESIGN | ||
| 650 | _aSAFETY | ||
| 650 | _aSKYSCRAPERS | ||
| 650 | _aTALL BUILDINGS | ||
| 690 | _aBUILT ENVIRONMENT-CONSTRUCTION DESIGN | ||
| 942 | _n0 | ||
| 999 |
_c72139 _d72139 |
||